Catalog

Record Details

Catalog Search



When she dreams  Cover Image Book Book

When she dreams / Amanda Quick.

Quick, Amanda, (author.).

Summary:

"Return to 1930s Burning Cove, California, the glamorous seaside playground for Hollywood stars, mobsters, spies, and a host of others who find more than they bargain for in this mysterious town. Maggie Lodge, assistant to the reclusive advice columnist known only as Dear Aunt Cornelia to her readers, hires down-but-not-quite-out private eye Sam Sage to help track down the person who is blackmailing her employer. Maggie and Sam are a mismatched pair. As far as Sam is concerned, Maggie is reckless and in over her head. She is not what he had in mind for a client, but he can't afford to be choosy. Maggie, on the other hand, is convinced that Sam is badly in need of guidance and good advice. She does not hesitate to give him both. In spite of the verbal fireworks between them, they are fiercely attracted to each other, but each is convinced it would be a mistake to let passion take over. They are, after all, keeping secrets from each other. Sam is haunted by his past, which includes a marriage shattered by betrayal and violence. Maggie is troubled by intense and vivid dreams--dreams that she can sometimes control. There are those who want to run experiments on her and use her for their own purposes, while others think she should be committed to an asylum. When the pair discovers someone is impersonating Aunt Cornelia at a conference on psychic dreaming and a woman dies at the conference, the door is opened to a dangerous web of blackmail and murder. Secrets from the past are revealed, leaving Maggie and Sam in the path of a ruthless killer who will stop at nothing to exact vengeance"-- Provided by publisher.

Available copies

  • 1 of 1 copy available at scottsboropl.

Holds

  • 0 current holds with 1 total copy.
Show Only Available Copies
Location Call Number / Copy Notes Barcode Shelving Location Status Due Date
scottsboropl F Qui 32269001201741 Adult - Fiction Available -

LDR 04521cam a22007578i 4500
001158327
003SBPL
00520220519200747.0
008211105t20222022cau 000 1 eng
010 . ‡a 2021053594
040 . ‡aDLC ‡beng ‡erda ‡cDLC ‡dZGX ‡dLJW ‡dLW1 ‡dY$5 ‡dSDG ‡dRNL ‡dIMT ‡dOCLCO ‡dRB0 ‡dILC ‡dOCLCF ‡dOCLCO ‡dPZQ
020 . ‡a9780593337783 ‡q(hardcover)
020 . ‡a0593337786 ‡q(hardcover)
035 . ‡a(OCoLC)1263339004
042 . ‡apcc
05000. ‡aPS3561.R44 ‡bW49 2022
08200. ‡a813/.54 ‡223
1001 . ‡aQuick, Amanda, ‡eauthor.
24510. ‡aWhen she dreams / ‡cAmanda Quick.
264 1. ‡aNew York : ‡bBerkley, ‡c[2022]
264 4. ‡c©2022
300 . ‡a305 pages ; ‡c24 cm.
336 . ‡atext ‡btxt ‡2rdacontent
337 . ‡aunmediated ‡bn ‡2rdamedia
338 . ‡avolume ‡bnc ‡2rdacarrier
4901 . ‡a[Burning Cove series] ; ‡v[6]
500 . ‡aSequel to: The lady has a past.
520 . ‡a"Return to 1930s Burning Cove, California, the glamorous seaside playground for Hollywood stars, mobsters, spies, and a host of others who find more than they bargain for in this mysterious town. Maggie Lodge, assistant to the reclusive advice columnist known only as Dear Aunt Cornelia to her readers, hires down-but-not-quite-out private eye Sam Sage to help track down the person who is blackmailing her employer. Maggie and Sam are a mismatched pair. As far as Sam is concerned, Maggie is reckless and in over her head. She is not what he had in mind for a client, but he can't afford to be choosy. Maggie, on the other hand, is convinced that Sam is badly in need of guidance and good advice. She does not hesitate to give him both. In spite of the verbal fireworks between them, they are fiercely attracted to each other, but each is convinced it would be a mistake to let passion take over. They are, after all, keeping secrets from each other. Sam is haunted by his past, which includes a marriage shattered by betrayal and violence. Maggie is troubled by intense and vivid dreams--dreams that she can sometimes control. There are those who want to run experiments on her and use her for their own purposes, while others think she should be committed to an asylum. When the pair discovers someone is impersonating Aunt Cornelia at a conference on psychic dreaming and a woman dies at the conference, the door is opened to a dangerous web of blackmail and murder. Secrets from the past are revealed, leaving Maggie and Sam in the path of a ruthless killer who will stop at nothing to exact vengeance"-- ‡cProvided by publisher.
650 0. ‡aExtortion ‡vFiction.
650 0. ‡aMurder ‡vFiction.
650 0. ‡aLucid dreams ‡vFiction.
650 0. ‡aAdvice columnists ‡vFiction.
650 0. ‡aPrivate investigators ‡vFiction.
650 0. ‡aSecrecy ‡vFiction.
651 0. ‡aCalifornia ‡vFiction.
650 6. ‡aMeurtre ‡vRomans, nouvelles, etc.
650 6. ‡aCourriéristes du cœur ‡vRomans, nouvelles, etc.
650 6. ‡aDétectives ‡vRomans, nouvelles, etc.
650 6. ‡aSecret ‡vRomans, nouvelles, etc.
651 6. ‡aCalifornie ‡vRomans, nouvelles, etc.
650 6. ‡aRêves lucides ‡vRomans, nouvelles, etc.
650 7. ‡aFICTION / Romance / Historical / 20th Century ‡2bisacsh
650 7. ‡aFICTION / Romance / Suspense ‡2bisacsh
650 7. ‡aFICTION / Thrillers / Historical ‡2bisacsh
650 7. ‡aAdvice columnists. ‡2fast ‡0(OCoLC)fst00797972
650 7. ‡aExtortion. ‡2fast ‡0(OCoLC)fst00918984
650 7. ‡aMurder. ‡2fast ‡0(OCoLC)fst01029781
650 7. ‡aPrivate investigators. ‡2fast ‡0(OCoLC)fst01077503
650 7. ‡aSecrecy. ‡2fast ‡0(OCoLC)fst01110644
651 7. ‡aCalifornia. ‡2fast ‡0(OCoLC)fst01204928
655 0. ‡aMystery fiction.
655 7. ‡aDetective and mystery fiction. ‡2fast ‡0(OCoLC)fst01726581
655 7. ‡aFiction. ‡2fast ‡0(OCoLC)fst01423787
655 7. ‡aHistorical fiction. ‡2fast ‡0(OCoLC)fst01726640
655 7. ‡aRomance fiction. ‡2fast ‡0(OCoLC)fst01921732
655 7. ‡aThrillers (Fiction) ‡2fast ‡0(OCoLC)fst01726755
655 7. ‡aDetective and mystery fiction. ‡2lcgft
655 7. ‡aThrillers (Fiction) ‡2lcgft
655 7. ‡aRomance fiction. ‡2lcgft
655 7. ‡aHistorical fiction. ‡2lcgft
77608. ‡iOnline version: ‡aQuick, Amanda. ‡tWhen she dreams ‡dNew York : Berkley, 2022 ‡z9780593337813 ‡w(DLC) 2021053595
8001 . ‡aQuick, Amanda. ‡tBurning Cove ; ‡v#6.
938 . ‡aYBP Library Services ‡bYANK ‡n17582901
938 . ‡aBrodart ‡bBROD ‡n130462322
994 . ‡aZ0 ‡bMWL
948 . ‡hNO HOLDINGS IN MWL - 508 OTHER HOLDINGS
901 . ‡a158327 ‡b ‡c158327 ‡tbiblio

Additional Resources